00994cam a22002654a 450000100090000000300120000900500170002100800410003801000170007902000160009604000270011204200080013905000240014708200240017110000190019524501060021426000370032030000580035750400510041565000390046665000220050565000310052785600950055885600750065313207703NUST - PNEC20170116181134.0030521s2003 nyua b 001 0 eng  a 2003054073 a0071420843  aDLCcLIBRARYdDLCdWaU apcc00aTJ223.P76bC57 200300a629.8925117 CLA2211 aClark, Dennis.10aProgramming and customizing the OOPic microcontroller :bthe official OOPic handbook /cDennis Clark. aNew York :bMcGraw-Hill,cc2003. axxv, 437 p. :bill. ;c24 cm. +e1 CD-ROM (4 3/4 in.) aIncludes bibliographical references and index. 0aProgrammable controllers.xGeneral 0aMicrocontrollers. 0aEmbedded computer systems.423Contributor biographical informationuhttp://www.loc.gov/catdir/bios/mh042/2003054073.html413Table of contentsuhttp://www.loc.gov/catdir/toc/mh041/2003054073.html